[Event "IECC Swiss-494.3"]
[Site "IECC email"]
[Date "2006.03.08"]
[Round "?"]
[White "Mitchell, T T"]
[Black "Parkes, Terry"]
[Result "0-1"]
[WhiteElo "929"]
[BlackElo "1265"]
[PlyCount "72"]
[EventDate "2006.??.??"]
[EventType "swiss (corr)"]
[EventRounds "1"]
[SourceTitle "Corr 2020"]
[Source "ChessBase"]
[SourceDate "2019.09.30"]
[SourceVersion "1"]
[SourceVersionDate "2019.09.30"]
[SourceQuality "1"]
[WhiteTeam "United States"]
[BlackTeam "Canada"]
[WhiteTeamCountry "USA"]
[BlackTeamCountry "CAN"]

1. e4 e5 2. Nf3 Nc6 3. Bc4 Nf6 4. Bxf7+ Kxf7 5. Ng5+ Ke8 6. d3 h6 7. Nf3 d6 8. h3 Be7 9. Nh4 Be6 10. Ng6 Rg8 11. Nxe7 Qxe7 12. 0-0 Qd7 13. Nd2 Rf8 14. Nf3 Nd4 15. Nxd4 exd4 16. Qe2 Kf7 17. b3 Kg8 18. Bb2 c5 19. f3 Nh5 20. Qf2 Nf4 21. Kh2 Rf6 22. Bc1 Qf7 23. Bxf4 Rxf4 24. Rae1 Rf8 25. Qg3 h5 26. h4 Qf6 27. Re2 Rxh4+ 28. Kg1 Rf4 29. Kf2 h4 30. Qh2 Bg4 31. Ke1 h3 32. Rff2 hxg2 33. Rxg2 Bxf3 34. Rxg7+ Qxg7 35. Rf2 Rg4 36. Kf1 Qg5 0-1

[Event "IECC KO-2044"]
[Site "IECC email"]
[Date "2004.06.14"]
[Round "?"]
[White "Leenders, Chris"]
[Black "Parkes, Terry"]
[Result "1-0"]
[WhiteElo "1865"]
[BlackElo "1296"]
[PlyCount "49"]
[EventDate "2003.??.??"]
[EventType "match (corr)"]
[EventRounds "2"]
[SourceTitle "Corr 2020"]
[Source "ChessBase"]
[SourceDate "2019.09.30"]
[SourceVersion "1"]
[SourceVersionDate "2019.09.30"]
[SourceQuality "1"]
[WhiteTeam "Netherlands"]
[BlackTeam "Canada"]
[WhiteTeamCountry "NED"]
[BlackTeamCountry "CAN"]

1. e4 e5 2. Nf3 Nc6 3. Bc4 Bc5 4. c3 Nf6 5. d3 h6 6. 0-0 0-0 7. Nbd2 a6 8. Re1 d6 9. b4 Ba7 10. a4 Bd7 11. Nb3 Ne7 12. a5 Ng6 13. h3 Qc8 14. d4 exd4 15. cxd4 Re8 16. e5 dxe5 17. Nxe5 Nxe5 18. dxe5 Nh7 19. Bf4 Nf8 20. Rc1 Be6 21. Qf3 c6 22. Nd2 Bf5 23. Ne4 Bb8 24. Bxh6 Be6 25. Nf6+ 1-0

[Event "IECC CL6-2003.21 email"]
[Site "IECC email"]
[Date "2003.09.06"]
[Round "?"]
[White "Parkes, Terry"]
[Black "Picchiottino, Jean Pierre"]
[Result "1-0"]
[WhiteElo "1226"]
[BlackElo "1373"]
[PlyCount "73"]
[EventDate "2003.??.??"]
[EventType "tourn (corr)"]
[EventRounds "4"]
[SourceTitle "Corr 2008"]
[Source "ChessBase"]
[SourceDate "2008.06.24"]
[SourceVersion "1"]
[SourceVersionDate "2008.06.24"]
[SourceQuality "1"]

1. d4 Nf6 2. c4 c5 3. d5 b5 4. cxb5 a6 5. bxa6 Bxa6 6. Nc3 d6 7. e4 Bxf1 8. Kxf1 g6 9. g3 Bg7 10. Kg2 0-0 11. Nf3 Nbd7 12. Re1 Ng4 13. Qe2 Nge5 14. Bf4 Nxf3 15. Qxf3 Ne5 16. Qe2 f5 17. Bxe5 Bxe5 18. f4 Bxc3 19. bxc3 Qd7 20. c4 Ra4 21. Qc2 Qa7 22. exf5 Rxf5 23. Kf2 Rb4 24. Rab1 Rf8 25. Rxb4 cxb4+ 26. Kf3 Kf7 27. Qb3 Ra8 28. Re2 Qc5 29. Qc2 Ra3+ 30. Kg2 Rc3 31. Qe4 Qc7 32. Qe6+ Kf8 33. f5 gxf5 34. Qxf5+ Ke8 35. Qxh7 Rxc4 36. Qg8+ Kd7 37. Qf8 1-0